F1历史上所有的世界车手冠军(WDC) - Statistics

General Stats
  • This quiz has been taken 14 times
  • The average score is 46 of 76
Answer Stats
年份 车手 % Correct
2024 马克斯·维斯塔潘
100%
2023 马克斯·维斯塔潘
100%
2022 马克斯·维斯塔潘
100%
2021 马克斯·维斯塔潘
100%
2004 迈克尔·舒马赫
100%
2003 迈克尔·舒马赫
100%
2002 迈克尔·舒马赫
100%
2001 迈克尔·舒马赫
100%
2000 迈克尔·舒马赫
100%
1995 迈克尔·舒马赫
100%
1994 迈克尔·舒马赫
100%
1991 埃尔顿·塞纳
100%
1990 埃尔顿·塞纳
100%
1988 埃尔顿·塞纳
100%
2025 兰多·诺里斯
92%
2020 刘易斯·汉密尔顿
92%
2019 刘易斯·汉密尔顿
92%
2018 刘易斯·汉密尔顿
92%
2017 刘易斯·汉密尔顿
92%
2015 刘易斯·汉密尔顿
92%
2014 刘易斯·汉密尔顿
92%
2013 塞巴斯蒂安·维特尔
92%
2012 塞巴斯蒂安·维特尔
92%
2011 塞巴斯蒂安·维特尔
92%
2010 塞巴斯蒂安·维特尔
92%
2008 刘易斯·汉密尔顿
92%
2016 尼科·罗斯伯格
85%
2006 费尔南多·阿隆索
85%
2005 费尔南多·阿隆索
85%
1982 科科·罗斯伯格
85%
2009 简森·巴顿
69%
2007 基米·莱科宁
62%
1993 阿兰·普罗斯特
62%
1989 阿兰·普罗斯特
62%
1986 阿兰·普罗斯特
62%
1985 阿兰·普罗斯特
62%
1999 米卡·哈基宁
54%
1998 米卡·哈基宁
54%
1957 胡安·曼纽尔·方吉奥
54%
1956 胡安·曼纽尔·方吉奥
54%
1955 胡安·曼纽尔·方吉奥
54%
1954 胡安·曼纽尔·方吉奥
54%
1951 胡安·曼纽尔·方吉奥
54%
1984 尼基·劳达
46%
1977 尼基·劳达
46%
1976 詹姆斯·亨特
46%
1975 尼基·劳达
46%
1997 雅克·维伦纽夫
38%
1996 达蒙·希尔
38%
1992 尼格尔·曼塞尔
38%
1987 尼尔森·皮奎特
38%
1983 尼尔森·皮奎特
38%
1981 尼尔森·皮奎特
38%
1968 格拉汉姆·希尔
38%
1962 格拉汉姆·希尔
38%
1961 菲尔·希尔
38%
1980 阿兰·琼斯
31%
1973 杰基·斯图尔特
31%
1971 杰基·斯图尔特
31%
1969 杰基·斯图尔特
31%
1965 吉姆·克拉克
31%
1963 吉姆·克拉克
31%
1950 朱塞佩·法里纳
31%
1978 马里奥·安德雷蒂
23%
1974 埃莫森·费迪帕尔蒂
23%
1972 埃莫森·费迪帕尔蒂
23%
1966 杰克·布拉汉姆
23%
1960 杰克·布拉汉姆
23%
1959 杰克·布拉汉姆
23%
1953 阿尔贝托·阿斯卡里
23%
1952 阿尔贝托·阿斯卡里
23%
1979 乔迪·斯科特
15%
1970 乔臣·林特
15%
1967 丹尼·赫尔姆
8%
1964 约翰·苏尔特斯
8%
1958 迈克·霍索恩
8%
No matching quizzes found
Score Distribution
Percent of People with Each Score
Percentile by Number Answered
Your Score History
You have not taken this quiz